000 00715nam a2200229Ia 4500
003 OSt
005 20220923225122.0
006 a|||||r|||| 00| 0
007 ta
008 220922b |||||||| |||| 00| 0 hin d
024 _a257,615
037 _cTextual
040 _aARTS
_cARTS
_bhin
041 _2hin
_ahin
082 _aY:5.2, 152M3
100 _aश्रीवास्तव, ओ एस
_9160847
245 0 _aआर्थिक एवं सामाजिक जनांकिशास्त्र
246 _aĀrthik evan sāmājik janāankishāstra
260 _c1983
942 _hY:5.2, 152M3
_cTEXL
_2CC
999 _c376182
_d376182